Adjustment in Africa : (Record no. 3518)

MARC details
000 -LEADER
fixed length control field 01081cam a2200289 a 4500
001 - CONTROL NUMBER
control field 1595847
003 - CONTROL NUMBER IDENTIFIER
control field OSt
005 - DATE AND TIME OF LATEST TRANSACTION
control field 20230703163846.0
008 - FIXED-LENGTH DATA ELEMENTS--GENERAL INFORMATION
fixed length control field 940303s1994 dcua b i000 0 eng
010 ## - LIBRARY OF CONGRESS CONTROL NUMBER
LC control number 94009664
020 ## - INTERNATIONAL STANDARD BOOK NUMBER
International Standard Book Number 0821327879
040 ## - CATALOGING SOURCE
Original cataloging agency DLC
Transcribing agency DLC
Modifying agency DLC
043 ## - GEOGRAPHIC AREA CODE
Geographic area code fb-----
082 00 - DEWEY DECIMAL CLASSIFICATION NUMBER
Classification number 339.5
Item number HUS
245 00 - TITLE STATEMENT
Title Adjustment in Africa :
Remainder of title lessons from country case studies /
Statement of responsibility, etc. edited by Ishrat Husain and Rashid Faruqee.
260 ## - PUBLICATION, DISTRIBUTION, ETC. (IMPRINT)
Place of publication, distribution, etc. Washington, D.C. :
Name of publisher, distributor, etc. World Bank,
Date of publication, distribution, etc. c1994.
300 ## - PHYSICAL DESCRIPTION
Extent ix, 436 p. :
Other physical details ill. ;
Dimensions 24 cm.
440 #0 - SERIES STATEMENT/ADDED ENTRY--TITLE
Title World Bank regional and sectoral studies
504 ## - BIBLIOGRAPHY, ETC. NOTE
Bibliography, etc Includes bibliographical references.
650 #0 - SUBJECT ADDED ENTRY--TOPICAL TERM
Topical term or geographic name as entry element Structural adjustment (Economic policy)
Geographic subdivision Africa, Sub-Saharan
Form subdivision Case studies.
651 #0 - SUBJECT ADDED ENTRY--GEOGRAPHIC NAME
Geographic name Africa, Sub-Saharan
General subdivision Economic policy
Form subdivision Case studies.
700 1# - ADDED ENTRY--PERSONAL NAME
Personal name Husain, Ishrat,
Dates associated with a name 1941-
700 1# - ADDED ENTRY--PERSONAL NAME
Personal name Faruqee, Rashid,
Dates associated with a name 1938-
906 ## - LOCAL DATA ELEMENT F, LDF (RLIN)
a 7
b cbc
c orignew
d 1
e ocip
f 19
g y-gencatlg
942 ## - ADDED ENTRY ELEMENTS (KOHA)
Source of classification or shelving scheme Dewey Decimal Classification
Koha item type Books
Holdings
Withdrawn status Lost status Source of classification or shelving scheme Damaged status Not for loan Home library Current library Date acquired Total Checkouts Full call number Barcode Date last seen Price effective from Koha item type
    Dewey Decimal Classification     County Hall Archives County Hall Archives 07/03/2023   339.5 HUS 10002015 07/03/2023 07/03/2023 Books
LIBRARY OPENING HOURS

When the Parliament is sitting: 8.00a.m - 7.00p.m or until the house adjourns
Mondays and Fridays and when the House is on Recess:  8.00a.m - 5.00p.m
Closed on Weekends and Public Holidays

Online Public Access Catalog (OPAC)
Website: http://www.parliament.go.ke
Bunge Library: https://libraryir.parliament.go.ke
Contact: library@parliament.go.ke | Tel no: (254-2)2221291 or 2848000 Ext 5043